000 01164nam0a22002771 4500
001 rc\23111
005 20021216123626.5
010 _a5-02-030604-5
_9450
035 _a(NLR Aleph) 005310895
090 _a6384906
_c6384906
100 _a20021216d1995 u |0rusy50 ca
101 0 _arus
102 _aRU
105 _aa |||||||||
200 1 _aУвеличение нефтеотдачи пластов композициями ПАВ
_dEnhanced oil recovery by surfactant compositional systems
_fОтв. ред. В.Ф. Камьянов
_gРос. акад. наук. Сиб. отд-ние. Ин-т химии нефти
210 _aНовосибирск
_cНаука. Сиб. изд. фирма
_d1995
215 _a196, [1] с.
_cил.
_d22
320 _aБиблиогр.: с. 182-196 (288 назв.)
510 0 _aEnhanced oil recovery by surfactant compositional systems
700 1 _aАлтунина
_bЛ. К.
_gЛюбовь Константиновна
701 1 _aКувшинов
_bВ. А.
_gВладимир Александрович
801 0 _aRU
_bNLR
_gpsbo
801 1 _aRU
_bELAR
_2rusmarc
852 _aNLR
_j96-5/804
942 _cBOOK
980 _aNB